Mezinárodní solidarita v protifašistickém boji našeho lidu /

Main Author: Koutek, Jaroslav
Corporate Author: Svaz protifašistických bojovníků
Language: Czech
Published: Praha : Český svaz protifašistických bojovníků, 1982
Physical Description: 49 s. ; 21 cm
Book
Saved in:
LEADER 00939nam a2200241 a 4500
001 000384882
003 CZ BrMZK
005 19980115143423.0
007 ta
008 980115s1982 xr f cze d
040 |a BOA001  |b cze 
080 |a 943.7"1939/1945"  |2 MRF 
100 1 |a Koutek, Jaroslav  |7 jx20050617029  |4 aut 
245 1 0 |a Mezinárodní solidarita v protifašistickém boji našeho lidu /  |c Jaroslav Koutek. 
260 |a Praha :  |b Český svaz protifašistických bojovníků,  |c 1982 
300 |a 49 s. ;  |c 21 cm 
541 |a Brno, HDK Městského výboru Českého svazu bojovníků za svobodu 
653 0 |a protifašistický odboj  |a Československo 
710 2 |a Svaz protifašistických bojovníků  |7 kn20020322091 
910 |a BOA001  |b 2-1054.272 
964 |a Boj protifašistický  |y Československo  |z r.1939-1945 
990 |a BK 
996 6 |b 2610084568  |c 2-1054.272  |l MZK  |r Sklad / do 1 hodiny  |n 3  |p  dar  |w 000384882  |u 000010  |a 1  |e BOA001  |j MZK50  |s P